[Event "CZE-ch Amateur"]
[Site "Hluk"]
[Date "2023.05.07"]
[Round "3"]
[White "Bures, Vit"]
[Black "Urban, Vlastimil"]
[Result "1-0"]
[WhiteElo "2159"]
[BlackElo "1879"]
[PlyCount "95"]
[EventDate "2023.05.06"]
[EventType "swiss"]
[EventRounds "9"]
[EventCountry "CZE"]
[SourceTitle "CBM 214 Extra"]
[Source "ChessBase"]
[SourceDate "2023.07.31"]
[SourceVersion "1"]
[SourceVersionDate "2023.07.31"]
[SourceQuality "1"]

1. d4 d5 2. c4 dxc4 3. e3 a6 4. Bxc4 Nf6 5. Nf3 e6 6. 0-0 b5 7. Bd3 Bb7 8. a4 b4 9. Nbd2 c5 10. Nc4 Nbd7 11. a5 Be7 12. Qe2 Be4 13. Bd2 0-0 14. Rfd1 Qc7 15. Be1 Qb7 16. Ncd2 Bxd3 17. Qxd3 cxd4 18. Nxd4 Nc5 19. Qe2 Rfd8 20. N2b3 Nxb3 21. Nxb3 Rd5 22. f3 Rad8 23. e4 Rxd1 24. Rxd1 Rxd1 25. Qxd1 Qb5 26. Qc2 h6 27. g3 Nd7 28. Bf2 Ne5 29. Kg2 Nc6 30. Bb6 e5 31. Kf2 Kh7 32. Qe2 Qa4 33. Qc4 Qa2 34. Qc2 Kg8 35. Nc1 Qe6 36. Qd3 Bg5 37. Nb3 Be7 38. Nc1 Bg5 39. Ne2 Nb8 40. Qc2 Nc6 41. Qd3 Nb8 42. Bc7 Nd7 43. Bd6 Bd8 44. Bxb4 Qc6 45. Nc3 Qb7 46. Nd5 Kh7 47. Kg2 Bg5 48. Qc4 1-0

[Event "CZE-chT2E 1415"]
[Site "Czech Republic"]
[Date "2015.02.22"]
[Round "8.5"]
[White "Urban, Vlastimil"]
[Black "Lamser, Miroslav"]
[Result "1/2-1/2"]
[WhiteElo "1967"]
[BlackElo "2031"]
[PlyCount "84"]
[EventDate "2014.11.02"]
[EventType "team-tourn"]
[EventRounds "11"]
[EventCountry "CZE"]
[SourceTitle "EXT 2022"]
[Source "ChessBase"]
[SourceDate "2021.10.06"]
[SourceVersion "1"]
[SourceVersionDate "2021.10.06"]
[SourceQuality "1"]
[WhiteTeam "Hustopece"]
[BlackTeam "Brno Vinohrady"]
[WhiteTeamCountry "CZE"]
[BlackTeamCountry "CZE"]

1. d4 Nf6 2. c4 c5 3. d5 e6 4. Nc3 exd5 5. cxd5 d6 6. e4 g6 7. f3 Bg7 8. Bg5 0-0 9. Qd2 a6 10. a4 Re8 11. Be2 Qc7 12. Rb1 Nbd7 13. Nh3 Rb8 14. Nf2 c4 15. 0-0 b5 16. b4 Ne5 17. axb5 axb5 18. Be3 Bd7 19. Ra1 Rb7 20. Ra6 Reb8 21. Bd4 Re8 22. Rfa1 h5 23. Ra8 Kh7 24. Qg5 Rbb8 25. R8a7 Qd8 26. f4 Neg4 27. Bxg4 hxg4 28. e5 Nh5 29. Qxd8 Rbxd8 30. Bb6 dxe5 31. Bxd8 Rxd8 32. Re1 Nxf4 33. Nfe4 Nd3 34. Rf1 Kg8 35. Nf6+ Bxf6 36. Rxf6 Be8 37. Ne4 Nxb4 38. Rxg6+ fxg6 39. Nf6+ Kf8 40. Nh7+ Kg8 41. Nf6+ Kf8 42. Nh7+ Kg8 1/2-1/2

[Event "CZE-chT2E 1314"]
[Site "Czech Republic"]
[Date "2014.03.02"]
[Round "9.8"]
[White "Urban, Vlastimil"]
[Black "Kudla, Vladimir"]
[Result "1-0"]
[WhiteElo "1974"]
[BlackElo "1958"]
[PlyCount "71"]
[EventDate "2013.11.03"]
[EventType "team-tourn"]
[EventRounds "11"]
[EventCountry "CZE"]
[SourceTitle "EXT 2016"]
[Source "ChessBase"]
[SourceDate "2015.10.08"]
[SourceVersion "1"]
[SourceVersionDate "2015.10.08"]
[SourceQuality "1"]
[WhiteTeam "Hustopece"]
[BlackTeam "Kurim"]
[WhiteTeamCountry "CZE"]
[BlackTeamCountry "CZE"]

1. d4 Nf6 2. c4 e6 3. Nf3 b6 4. Nc3 Bb7 5. Bg5 Be7 6. e3 Ne4 7. Bxe7 Qxe7 8. Nxe4 Bxe4 9. a3 0-0 10. Be2 d6 11. 0-0 Nd7 12. Nd2 Bg6 13. Bf3 Rad8 14. Qa4 a5 15. b4 axb4 16. axb4 f5 17. Qc6 Nf6 18. Ra7 Rd7 19. Rfa1 h6 20. Qb7 Ng4 21. g3 Qg5 22. Bc6 Rdf7 23. Ra8 Qe7 24. Rxf8+ Rxf8 25. Ra7 Rf7 26. Qc8+ Kh7 27. Ra8 Bh5 28. Nf3 Kg6 29. Be8 Nf6 30. Nh4+ Kg5 31. f4+ Kg4 32. Kg2 Bg6 33. Nxg6 Qxe8 34. Qxe8 Nxe8 35. Rxe8 Rf6 36. Nf8 1-0

[Event "CZE-chT2E 1314"]
[Site "Czech Republic"]
[Date "2014.01.19"]
[Round "6.7"]
[White "Urban, Vlastimil"]
[Black "Docekalova, Alexandra"]
[Result "0-1"]
[WhiteElo "1974"]
[BlackElo "1820"]
[PlyCount "78"]
[EventDate "2013.11.03"]
[EventType "team-tourn"]
[EventRounds "11"]
[EventCountry "CZE"]
[SourceTitle "EXT 2016"]
[Source "ChessBase"]
[SourceDate "2015.10.08"]
[SourceVersion "1"]
[SourceVersionDate "2015.10.08"]
[SourceQuality "1"]
[WhiteTeam "Hustopece"]
[BlackTeam "Prostejov"]
[WhiteTeamCountry "CZE"]
[BlackTeamCountry "CZE"]

1. d4 e6 2. c4 f5 3. g3 Nf6 4. Bg2 d5 5. Nh3 c6 6. 0-0 Bd6 7. Nd2 0-0 8. Nf3 Nbd7 9. Nf4 Re8 10. Qc2 Ne4 11. Nd3 Qf6 12. Bf4 Bxf4 13. gxf4 Nd6 14. Nde5 Nf8 15. Rfe1 h6 16. b3 Bd7 17. Qb2 g5 18. Nxd7 Nxd7 19. Ne5 Qg7 20. Qd2 g4 21. Qb4 Nxe5 22. dxe5 Ne4 23. f3 c5 24. Qa5 b6 25. Qa6 gxf3 26. exf3 Nc3 27. Kf2 Qe7 28. Rg1 Qh4+ 29. Ke3 d4+ 30. Kd3 Qxf4 31. Rae1 Re7 32. Bh1+ Kh7 33. Rg3 Rg8 34. Rxg8 Kxg8 35. Qc8+ Kh7 36. Qf8 Rg7 37. Qf6 Nxa2 38. Qxe6 Nb4+ 39. Ke2 Qe3+ 0-1

[Event "CZE-chT2E 1213"]
[Site "Czech Republic"]
[Date "2013.03.24"]
[Round "11.8"]
[White "Chmelicek, Bronislav"]
[Black "Urban, Vlastimil"]
[Result "1/2-1/2"]
[WhiteElo "1941"]
[BlackElo "1975"]
[PlyCount "52"]
[EventDate "2012.10.14"]
[EventType "team-tourn"]
[EventRounds "11"]
[EventCountry "CZE"]
[SourceTitle "EXT 2016"]
[Source "ChessBase"]
[SourceDate "2015.10.08"]
[SourceVersion "1"]
[SourceVersionDate "2015.10.08"]
[SourceQuality "1"]
[WhiteTeam "Brno Moravska Slavia"]
[BlackTeam "Hustopece"]
[WhiteTeamCountry "CZE"]
[BlackTeamCountry "CZE"]

1. e4 c6 2. d4 d5 3. exd5 cxd5 4. c4 Nc6 5. Nf3 Bg4 6. cxd5 Bxf3 7. Qxf3 Nxd4 8. Qe4 e5 9. Qxe5+ Qe7 10. Qxe7+ Nxe7 11. Bd3 Nxd5 12. Be3 Bb4+ 13. Nd2 Nxe3 14. fxe3 Nc6 15. Bb5 0-0-0 16. 0-0-0 Ne5 17. Nf3 Ng4 18. Rd4 Rxd4 19. exd4 Ne3 20. a3 Bd6 21. Kd2 Bf4 22. g3 Bh6 23. Kd3 Nd5 24. Ne5 f6 25. Nf7 Rf8 26. Nxh6 gxh6 1/2-1/2

[Event "CZE-chT2E 1213"]
[Site "Czech Republic"]
[Date "2013.01.06"]
[Round "6.8"]
[White "Urban, Vlastimil"]
[Black "Dvorak, Adam"]
[Result "1-0"]
[WhiteElo "1975"]
[BlackElo "2030"]
[PlyCount "63"]
[EventDate "2012.10.14"]
[EventType "team-tourn"]
[EventRounds "11"]
[EventCountry "CZE"]
[SourceTitle "EXT 2016"]
[Source "ChessBase"]
[SourceDate "2015.10.08"]
[SourceVersion "1"]
[SourceVersionDate "2015.10.08"]
[SourceQuality "1"]
[WhiteTeam "Hustopece"]
[BlackTeam "Brno Lokomotiva"]
[WhiteTeamCountry "CZE"]
[BlackTeamCountry "CZE"]

1. d4 Nf6 2. c4 c5 3. d5 e6 4. Nc3 exd5 5. cxd5 d6 6. e4 g6 7. Bb5+ Nfd7 8. a4 Bg7 9. Nf3 0-0 10. 0-0 Qc7 11. Be3 a6 12. Be2 b6 13. Nd2 Bb7 14. f4 Re8 15. Bf2 Nf8 16. Qb3 Nbd7 17. Bf3 h6 18. Nc4 Kh7 19. Bg3 f5 20. exf5 gxf5 21. Qc2 Kg6 22. Bh5+ Kh7 23. Qxf5+ Kh8 24. Bxe8 Rxe8 25. Qf7 Rc8 26. Rae1 Bd4+ 27. Kh1 Rb8 28. Re7 Bc8 29. Bh4 b5 30. axb5 axb5 31. Ne5 Bxe5 32. fxe5 1-0

[Event "CZE-chT2E 1112"]
[Site "Czech Republic"]
[Date "2012.02.19"]
[Round "8.8"]
[White "Studeny, Radovan"]
[Black "Urban, Vlastimil"]
[Result "1-0"]
[WhiteElo "2090"]
[BlackElo "1994"]
[PlyCount "75"]
[EventDate "2011.10.09"]
[EventType "team-tourn"]
[EventRounds "11"]
[EventCountry "CZE"]
[SourceTitle "EXT 2013"]
[Source "ChessBase"]
[SourceDate "2012.11.22"]
[SourceVersion "1"]
[SourceVersionDate "2012.11.22"]
[SourceQuality "1"]
[WhiteTeam "Stare Mesto II"]
[BlackTeam "Hustopece"]
[WhiteTeamCountry "CZE"]
[BlackTeamCountry "CZE"]

1. e4 e6 2. d4 d5 3. Nd2 Nf6 4. Bd3 c5 5. e5 Nfd7 6. c3 Qb6 7. Ne2 Nc6 8. Nf3 cxd4 9. cxd4 Bb4+ 10. Bd2 f6 11. exf6 Nxf6 12. 0-0 0-0 13. a3 Bxd2 14. Qxd2 Na5 15. Qg5 Nb3 16. Rad1 Bd7 17. Nf4 Qd6 18. Nh5 Qe7 19. Bc2 Na5 20. Rfe1 Rac8 21. Bb1 Nc4 22. Nh4 Qf7 23. Ng3 Nxb2 24. Rd2 Nc4 25. Rde2 Nd6 26. Ngf5 Nxf5 27. Bxf5 exf5 28. Re7 Rce8 29. R7e5 Ne4 30. Qc1 Rxe5 31. dxe5 Rc8 32. Qb2 Bc6 33. Nf3 Qe7 34. Nd4 g6 35. Nf3 Nc5 36. Rb1 Nd3 37. Qe2 Nf4 38. Qe3 1-0

[Event "CZE-chT2E 1112"]
[Site "Czech Republic"]
[Date "2012.01.08"]
[Round "5.7"]
[White "Kredl, Karel"]
[Black "Urban, Vlastimil"]
[Result "1/2-1/2"]
[WhiteElo "2110"]
[BlackElo "1994"]
[PlyCount "228"]
[EventDate "2011.10.09"]
[EventType "team-tourn"]
[EventRounds "11"]
[EventCountry "CZE"]
[SourceTitle "EXT 2013"]
[Source "ChessBase"]
[SourceDate "2012.11.22"]
[SourceVersion "1"]
[SourceVersionDate "2012.11.22"]
[SourceQuality "1"]
[WhiteTeam "Adamov"]
[BlackTeam "Hustopece"]
[WhiteTeamCountry "CZE"]
[BlackTeamCountry "CZE"]

1. c4 e6 2. d4 d5 3. Nc3 dxc4 4. e4 Nc6 5. Nf3 a6 6. Bxc4 Na5 7. Bd3 c5 8. 0-0 Bd6 9. Be3 c4 10. Bc2 Ne7 11. Qe2 Ng6 12. Rfd1 Bd7 13. e5 Bb4 14. d5 Qc8 15. dxe6 Bxe6 16. Na4 Qc7 17. a3 Nc6 18. axb4 0-0 19. Bc5 Rfe8 20. Bd6 Qd8 21. Qe3 Nh4 22. Be4 Nf5 23. Qf4 Nxd6 24. Rxd6 Qe7 25. Bxc6 bxc6 26. Nd4 Bd5 27. Nxc6 Bxc6 28. Rxc6 Qxb4 29. Rxc4 Qa5 30. Rc5 Qd8 31. Rac1 Rb8 32. Rc7 Qd5 33. h3 a5 34. Qc4 Qxe5 35. Qxf7+ Kh8 36. R7c5 Qd4 37. Qd5 Qxa4 38. Rxa5 Qb4 39. Ra2 Re1+ 40. Rxe1 Qxe1+ 41. Kh2 Qxf2 42. Qe5 Rf8 43. Ra3 h6 44. Rb3 Rf6 45. Qe4 Rf8 46. Rb7 Qf6 47. Qg4 Re8 48. Qg3 Kh7 49. Rb8 Re4 50. Rb5 Qd4 51. Rb7 Re3 52. Rd7 Rxg3 53. Rxd4 Rb3 54. Rd2 g5 55. Kg1 Kg6 56. Kf2 Kh5 57. Rc2 g4 58. hxg4+ Kxg4 59. Ke2 h5 60. Kf2 Kf4 61. g3+ Kf5 62. Kg2 Kg4 63. Kh2 h4 64. gxh4 Kxh4 65. Kg2 Kg4 66. Kf2 Kf4 67. Ke2 Ke4 68. Kd2 Kd4 69. Kc1 Rb8 70. Rc7 Kd3 71. Rc3+ Kd4 72. Kc2 Ra8 73. Rc7 Rh8 74. b3 Kd5 75. Kc3 Ra8 76. Rc4 Kd6 77. Rd4+ Kc6 78. Kb4 Rb8+ 79. Ka3 Ra8+ 80. Ra4 Rb8 81. Rg4 Ra8+ 82. Kb2 Kc5 83. b4+ Kb5 84. Kb3 Rh8 85. Rg5+ Kb6 86. Rg6+ Kb5 87. Rg5+ Kb6 88. Rg3 Kb5 89. Rg5+ Kb6 90. Rg3 Kb5 91. Rf3 Kb6 92. Rf4 Kb5 93. Re4 Kb6 94. Re5 Rh7 95. Kc4 Rg7 96. Rc5 Rh7 97. Kb3 Ra7 98. Rh5 Rb7 99. Rh8 Kb5 100. Rc8 Rg7 101. Rc5+ Kb6 102. Kc4 Rh7 103. Rd5 Rc7+ 104. Kb3 Rh7 105. Ra5 Rh8 106. Ka4 Rg8 107. Rh5 Ra8+ 108. Kb3 Rc8 109. Ka4 Ra8+ 110. Ra5 Rxa5+ 111. bxa5+ Kc5 112. a6 Kb6 113. a7 Kb7 114. Ka3 Kxa7 1/2-1/2

[Event "CZE-chT2E 1011"]
[Site "Czech Republic"]
[Date "2011.01.23"]
[Round "6.5"]
[White "Horsak, Jan"]
[Black "Urban, Vlastimil"]
[Result "1-0"]
[WhiteElo "2112"]
[BlackElo "2043"]
[PlyCount "57"]
[EventDate "2010.10.17"]
[EventType "team-tourn"]
[EventRounds "11"]
[EventCountry "CZE"]
[SourceTitle "EXT 2012"]
[Source "ChessBase"]
[SourceDate "2011.11.24"]
[SourceVersion "1"]
[SourceVersionDate "2011.11.24"]
[SourceQuality "1"]
[WhiteTeam "Stare Mesto III"]
[BlackTeam "Hustopece"]
[WhiteTeamCountry "CZE"]
[BlackTeamCountry "CZE"]

1. c4 e6 2. d4 d5 3. Nc3 dxc4 4. e4 c5 5. d5 Nf6 6. Bxc4 exd5 7. Bxd5 Bd6 8. Bg5 Nbd7 9. Bxf7+ Kxf7 10. Qxd6 Qa5 11. Nge2 Re8 12. 0-0 Re6 13. Qf4 Kg8 14. Rfd1 Nf8 15. Ng3 Bd7 16. Qd2 Bc6 17. Bxf6 gxf6 18. f3 Nd7 19. Nf5 Rf8 20. Qf4 Ne5 21. Qg3+ Ng6 22. h4 c4 23. Nd5 Bxd5 24. Rxd5 Qb6+ 25. Kh2 Qxb2 26. Rad1 Rfe8 27. h5 Kf7 28. hxg6+ hxg6 29. Rd7+ 1-0